Οικονομετρικές μέθοδοι
Αποθηκεύτηκε σε:
| Κύριοι συγγραφείς: | , |
|---|---|
| Άλλοι συγγραφείς: | , |
| Μορφή: | Βιβλίο |
| Γλώσσα: | Greek English |
| Δημοσίευση: |
Αθήνα :
Κλειδάριθμος,
2004.
|
| Έκδοση: | 4η έκδ. |
| Θέματα: | |
| Ετικέτες: |
Προσθήκη ετικέτας
Δεν υπάρχουν, Καταχωρήστε ετικέτα πρώτοι!
|
MARC
| LEADER | 00000cam a2200000 i 4500 | ||
|---|---|---|---|
| 001 | 1/49658 | ||
| 008 | 070904s2004 gr | ||| |||| ||gre|| | ||
| 020 | |a 9602098910 | ||
| 035 | |l 10089246 | ||
| 040 | |a GR-MyUA |b gre |e AACR2 | ||
| 041 | 1 | |a gre |h eng | |
| 082 | 0 | |a 330.0151 |2 (22) | |
| 100 | 1 | |a Johnston, Jack. | |
| 245 | 1 | 0 | |a Οικονομετρικές μέθοδοι / |c Jack Johnston, John DiNardo ; μετάφραση Τρισεύγενη Παπαϊωάννου; επιμέλεια Ιωάννης Βενέτης. |
| 250 | |a 4η έκδ. | ||
| 260 | |a Αθήνα : |b Κλειδάριθμος, |c 2004. | ||
| 300 | |a 629 σ. : |b σχέδια ; |c 25 εκ. + |e 1 οπτική δισκέτα λέϊζερ Η/Υ 4 3/4 ίν. | ||
| 500 | |a Η παρούσα έκδοση συνοδεύεται απο cdrom με αρχεία στατιστικών δειγμάτων τα οποία μπορούν να προσαρμοστούν για τα περισσότερα προγράμματα στατιστικής ανάλυσης | ||
| 500 | |a Αμερικάνικη έκδοση | ||
| 500 | |a Τίτλος πρωτοτύπου: Econometric methods. | ||
| 500 | |a Το παράρτημα Σάμου έχει την ανατύπωση 2011. | ||
| 504 | |a Περιλαμβάνει βιβλιογραφικές αναφορές και ευρετήριο. | ||
| 650 | 0 | 0 | |a Econometrics. |
| 650 | 0 | 0 | |a Econometrics |x Mathematical models. |
| 650 | 0 | 0 | |a Econometrics |x Problems, exercises, etc. |
| 650 | 0 | 0 | |a Operations research |x Mathematical models. |
| 700 | 1 | |a DiNardo, John E. |q (John Enrico) |e aut | |
| 700 | 1 | |a Βενέτης, Ιωάννης Α. |e edt | |
| 700 | 1 | |a Παπαϊωάννου, Τρισεύγενη, |e trl | |
| 852 | |a INST |b CHIOS |e 20070730 |h 330.0151 JOH |p 005200026038 |q 005200026038 |t BK |y 0 | ||
| 852 | |a INST |b CHIOS |e 20070730 |h 330.0151 JOH |p 005200028907 |q 005200028907 |t BK |y 0 | ||
| 852 | |a INST |b CHIOS |c EUDOXUS |e 20110328 |h 330.0151 JOH |p 005200031289 |q 005200031289 |t EDX |y 0 | ||
| 852 | |a INST |b CHIOS |c EUDOXUS |e 20110328 |h 330.0151 JOH |p 005200031282 |q 005200031282 |t EDX |y 0 | ||
| 852 | |a INST |b LESVOS |e 20070829 |h 330.0151 JOH |p 005100039188 |q 005100039188 |t BK |y 0 | ||
| 852 | |a INST |b LESVOS |e 20070829 |h 330.0151 JOH |p 005100039189 |q 005100039189 |t BK |y 0 | ||
| 852 | |a INST |b SAMOS |c EUDOXUS |e 20130917 |h 330.0151 JOH |p 005300040513 |q 005300040513 |t EDX |y 0 | ||
| 852 | |a INST |b SAMOS |c EUDOXUS |e 20130917 |h 330.0151 JOH |p 005300040515 |q 005300040515 |t EDX |y 0 | ||
| 852 | |a INST |b SAMOS |c EUDOXUS |e 20130917 |h 330.0151 JOH |p 005300040514 |q 005300040514 |t EDX |y 0 | ||
| 852 | |a INST |b SAMOS |c EUDOXUS |e 20130917 |h 330.0151 JOH |p 005300040516 |q 005300040516 |t EDX |y 0 | ||
| 901 | |a BIBL3-2013-2 | ||
| 901 | |a BIBL2-2007-3 | ||
| 901 | |a BIBL1-2007-2 | ||
| 901 | |a BIBL2-2011-1 | ||
| 909 | |a Σ |b 178712 | ||
| 909 | |a Σ |b 178713 | ||
| 909 | |a Σ |b 178714 | ||
| 909 | |a Σ |b 178715 | ||
| 909 | |a Χ |b 136028 | ||
| 909 | |a Χ |b 131149 | ||
| 909 | |a Χ |b 149273 | ||
| 909 | |a Χ |b 149276 | ||
| 909 | |a Λ |b 136502 | ||
| 909 | |a Λ |b 132912 | ||
| 920 | |a ΕΥΔΟΞΟΣ |b ΠΑΡΑΓΓΕΛΙΑ |y Σάμος-ΤΣΑΧΜ |z 2013-05 | ||
| 920 | |a ΕΥΔΟΞΟΣ |b ΕΠΙΣΤΡΟΦΗ |y Χίος |z 2011-03 | ||
| 922 | |a 2ΕΛΗ |b 200707 |c ΕΠΕΑΕΚ2/ΤΝΕΥ |d ΕΛΕΥΘΕΡΟΥΔΑΚΗΣ | ||
| 922 | |a 1ΕΛΗ |b 200707 |c ΕΠΕΑΕΚ2/ΤΠ |d Σ. ΠΑΤΑΚΗΣ | ||
| 970 | |a ΑΤΣΑΛΗ |b ΔΕΣΠΟΙΝΑ |z 2007/09/04 | ||